[Event "SR 3. liga A2 2005/2006"]
[Site "?"]
[Date "2006.??.??"]
[Round "?"]
[White "Skapik, Branislav"]
[Black "Zisek, Jaroslav"]
[Result "1-0"]
[WhiteElo "1795"]
[BlackElo "1940"]
[Annotator " 28.6"]
[PlyCount "81"]
[EventDate "2005.??.??"]

1. e4 c5 2. Nc3 d6 3. g3 Nc6 4. Bg2 g6 5. d3 Bg7 6. f4 e5 7. Nf3 Nge7 8. O-O
O-O 9. fxe5 Nxe5 10. Nxe5 Bxe5 11. Bg5 Be6 12. Qd2 Qd7 13. Bf6 Bxf6 14. Rxf6
Kg7 15. Raf1 Ng8 16. R6f4 Ne7 17. d4 f5 18. d5 Bg8 19. exf5 Rxf5 20. Bh3 Raf8
21. Bxf5 Rxf5 22. Rxf5 Nxf5 23. Ne2 h6 24. c4 Qe7 25. Re1 Qe3+ 26. Qxe3 Nxe3
27. b3 Ng4 28. Nf4 Ne5 29. Re3 g5 30. Nd3 Nxd3 31. Rxd3 Bh7 32. Rd2 Bf5 33. Re2
Kf7 34. Kg2 Bg4 35. Rf2+ Ke7 36. h3 Bd7 37. g4 Bc8 38. Kg3 Bd7 39. h4 Bc8 40.
hxg5 hxg5 41. Rh2 1-0

[Event "SR 3. liga A2 2005/2006"]
[Site "?"]
[Date "2006.??.??"]
[Round "?"]
[White "Sebesta, Radovan"]
[Black "Hanzluvka, Milan"]
[Result "1-0"]
[WhiteElo "1845"]
[BlackElo "1740"]
[Annotator " 28.7"]
[PlyCount "137"]
[EventDate "2005.??.??"]

1. d4 d5 2. c4 e6 3. Nc3 Nf6 4. cxd5 exd5 5. Bg5 Nbd7 6. e3 c6 7. Nf3 Qa5 8.
Bxf6 Nxf6 9. Qc2 Bb4 10. Bd3 O-O 11. O-O h6 12. a3 Bd6 13. b4 Qc7 14. h3 a6 15.
Rfc1 Bd7 16. Rab1 b5 17. Nh4 Rac8 18. Nf5 Ne8 19. Nxd6 Qxd6 20. e4 Nc7 21. e5
Qe7 22. Bf5 Be6 23. Ne2 Na8 24. Nf4 Bxf5 25. Qxf5 Nb6 26. Rb3 Qg5 27. g4 Nc4
28. Rg3 g6 29. Qxg5 hxg5 30. Nd3 a5 31. Nc5 axb4 32. axb4 Ra8 33. Rf3 Ra3 34.
Rxa3 Nxa3 35. Nd7 Rc8 36. Nf6+ Kg7 37. Nxd5 Nc4 38. Ne3 Nd2 39. Kg2 Nb3 40. Rd1
Rd8 41. d5 cxd5 42. Rxd5 Rxd5 43. Nxd5 Nc1 44. Nc7 Nd3 45. Nxb5 Nxb4 46. Nd4
Nd3 47. Nf3 Nf4+ 48. Kh2 Nd3 49. Kg3 Kh6 50. Kg2 Kg7 51. Nxg5 Nxe5 52. f4 Nd3
53. Kf3 Nc5 54. Ke3 f6 55. Ne4 Nb3 56. h4 f5 57. gxf5 gxf5 58. Nd6 Kf6 59. h5
Nc5 60. h6 Ne6 61. Nxf5 Nf8 62. Ke4 Ng6 63. Nd6 Nf8 64. f5 Nh7 65. Kf4 Ke7 66.
Ne4 Kf7 67. Ng5+ Kg8 68. Nxh7 Kxh7 69. Kg5 1-0

[Event "SR 3. liga A2 2005/2006"]
[Site "?"]
[Date "2006.??.??"]
[Round "?"]
[White "Meszaros, Lorant"]
[Black "Lesny, Stefan"]
[Result "1/2-1/2"]
[WhiteElo "2110"]
[BlackElo "2095"]
[Annotator " 29.1"]
[PlyCount "32"]
[EventDate "2005.??.??"]

1. d4 d5 2. c4 e6 3. g3 c6 4. Bg2 f5 5. b3 Nf6 6. Nf3 Be7 7. O-O O-O 8. Ba3 Ne4
9. Bxe7 Qxe7 10. Nbd2 Nd7 11. Nxe4 fxe4 12. Nd2 Qf6 13. e3 Qg5 14. Qe2 Nf6 15.
f3 exf3 16. Nxf3 Qh5 1/2-1/2

[Event "SR 3. liga A2 2005/2006"]
[Site "?"]
[Date "2006.??.??"]
[Round "?"]
[White "Obdrzalkova, Anitta"]
[Black "Varga, Alexander"]
[Result "1/2-1/2"]
[WhiteElo "2130"]
[BlackElo "1890"]
[Annotator " 29.2"]
[PlyCount "20"]
[EventDate "2005.??.??"]

1. d4 d5 2. Nf3 Nf6 3. c4 e6 4. Nc3 c6 5. cxd5 exd5 6. Bg5 Bf5 7. Qb3 b6 8. e3
Be7 9. Rc1 O-O 10. Ne5 Be6 1/2-1/2

[Event "SR 3. liga A2 2005/2006"]
[Site "?"]
[Date "2006.??.??"]
[Round "?"]
[White "Szekely, Stefan"]
[Black "Farkas, Gabor"]
[Result "0-1"]
[WhiteElo "2080"]
[BlackElo "2135"]
[Annotator " 29.3"]
[PlyCount "78"]
[EventDate "2005.??.??"]

1. c4 c6 2. Nc3 d5 3. cxd5 cxd5 4. d4 Nc6 5. Nf3 e6 6. g3 Nf6 7. Bg2 Be7 8. O-O
O-O 9. Bf4 b6 10. Nb5 Bb7 11. Rc1 $11 Rc8 12. e3 a6 13. Nc3 Nh5 14. Re1 Nxf4
15. gxf4 Na5 16. Ne5 Nc4 17. Nxc4 Rxc4 18. Bf1 Rc7 19. Bd3 f5 20. Kh1 Bb4 21.
Qb3 Ba5 22. Rg1 Qh4 23. Rg3 g6 24. Qa3 Bxc3 25. bxc3 b5 26. Qd6 $11 Rc6 27. Qd7
Rf7 28. Qe8+ Kg7 29. Qb8 Qf6 30. Kg2 Qe7 31. h4 Qc7 32. Qxc7 Rfxc7 33. h5 Rxc3
34. Rxc3 Rxc3 35. Be2 Bc6 36. hxg6 hxg6 37. a4 bxa4 38. Bxa6 a3 39. Kh3 Rc1 0-1

[Event "SR 3. liga A2 2005/2006"]
[Site "?"]
[Date "2006.??.??"]
[Round "?"]
[White "Petenyi, Tamas"]
[Black "Both, Lajos"]
[Result "1-0"]
[WhiteElo "2075"]
[BlackElo "1990"]
[Annotator " 29.4"]
[PlyCount "115"]
[EventDate "2005.??.??"]

1. c4 Nf6 2. Nc3 e6 3. g3 Nc6 4. Bg2 b6 5. e3 Bb7 6. Nge2 Rb8 7. d4 Na5 8. Bxb7
Nxb7 9. O-O Be7 10. e4 O-O 11. Qc2 d6 12. Rd1 Qc8 13. b3 e5 14. Kg2 c5 15. dxe5
dxe5 16. Bb2 Qc6 17. Nd5 Nxd5 18. Rxd5 f6 19. Rad1 Nd8 20. Rd7 Rb7 21. Rxb7
Qxb7 22. Nc3 Ne6 23. Nd5 Nd4 24. Bxd4 exd4 25. Qe2 Bd6 26. Qg4 Qf7 27. Re1 Re8
28. f4 f5 29. Qf3 fxe4 30. Rxe4 Kf8 31. Qd3 Rxe4 32. Qxe4 g6 33. Kf3 Kg7 34. g4
h6 35. h4 Kf8 36. g5 hxg5 37. hxg5 Qe8 38. Qb1 Kg7 39. Qc1 Qh8 40. Qf1 Qh5+ 41.
Ke4 Qh2 42. Nf6 Kf7 43. Qf3 Qd2 44. Qg4 Qe3+ 45. Kd5 Qe7 46. Qc8 Qf8 47. Qe6+
Kg7 48. Qxd6 Qa8+ 49. Ke5 Qb7 50. Qe6 Qf7 51. Qxf7+ Kxf7 52. Ke4 Ke6 53. Ng4 d3
54. Kxd3 Kf5 55. Ne5 Kxf4 56. Nxg6+ Kxg5 57. Ne7 a6 58. a4 {cierny cas} 1-0

[Event "SR 3. liga A2 2005/2006"]
[Site "?"]
[Date "2006.??.??"]
[Round "?"]
[White "Szitasi, Janos"]
[Black "Varga, David"]
[Result "1/2-1/2"]
[WhiteElo "2020"]
[BlackElo "2095"]
[Annotator " 29.5"]
[PlyCount "35"]
[EventDate "2005.??.??"]

1. e4 e6 2. d3 d5 3. Nd2 Nf6 4. Ngf3 g6 5. Be2 Bg7 6. O-O c5 7. Rb1 O-O 8. b3
Nc6 9. Bb2 b5 10. Re1 Qa5 11. a3 Bb7 12. b4 cxb4 13. axb4 Qb6 14. exd5 Nxd5 15.
Bxg7 Kxg7 16. Rb3 a5 17. bxa5 Qxa5 18. Qb1 1/2-1/2

[Event "SR 3. liga A2 2005/2006"]
[Site "?"]
[Date "2006.??.??"]
[Round "?"]
[White "Kolesar, Rastislav"]
[Black "Liska, Frantisek"]
[Result "1/2-1/2"]
[WhiteElo "1880"]
[BlackElo "2000"]
[Annotator " 29.6"]
[PlyCount "55"]
[EventDate "2005.??.??"]

1. e4 c5 2. Nf3 Nc6 3. d4 cxd4 4. Nxd4 a6 5. Be3 Nf6 6. Nc3 e6 7. a3 Be7 8. Be2
d5 9. exd5 Nxd5 10. Nxd5 Qxd5 11. Nf3 Qxd1+ 12. Rxd1 O-O 13. O-O b5 14. Nd4
Nxd4 15. Bxd4 Bb7 16. Be5 Bd5 17. Rd3 f6 18. Bg3 Bc4 19. Rd2 Bxe2 20. Rxe2 e5
21. Rd1 Rad8 22. Red2 Rxd2 23. Rxd2 Rd8 24. Rxd8+ Bxd8 25. f3 Kf7 26. Bf2 Ke6
27. Kf1 Be7 28. Ke2 1/2-1/2

[Event "SR 3. liga A2 2005/2006"]
[Site "?"]
[Date "2006.??.??"]
[Round "?"]
[White "Bernath, Mikulas"]
[Black "Csiba, Dominik"]
[Result "1/2-1/2"]
[WhiteElo "1905"]
[BlackElo "1800"]
[Annotator " 29.7"]
[PlyCount "116"]
[EventDate "2005.??.??"]

1. d4 c5 2. e3 cxd4 3. exd4 d5 4. Nf3 Nc6 5. c3 g6 6. Be3 Bg4 7. Be2 Bg7 8. h3
Bf5 9. Nbd2 e5 10. dxe5 Nxe5 11. Nd4 Nd3+ 12. Bxd3 Bxd3 13. Qa4+ Qd7 14. Qxd7+
Kxd7 15. N2b3 b6 16. Kd2 Ba6 17. Rae1 Nf6 18. f3 Rae8 19. Bf2 Bh6+ 20. Kc2 Nh5
21. g3 Ng7 22. Rxe8 Rxe8 23. Re1 Rxe1 24. Bxe1 Ne6 25. h4 Nc5 26. Nxc5+ bxc5
27. Nb3 Kc6 28. Bf2 Bf8 29. Nc1 f5 30. f4 Bf1 31. b3 a6 32. a4 a5 33. Na2 Bd6
34. Kd2 Bg2 35. Be3 Be7 36. Bf2 Be4 37. Kc1 Kd7 38. Kd2 Ke6 39. Nc1 Kd6 40. Be3
Kc6 41. Bf2 Bf6 42. Ne2 h6 43. Be3 Bf3 44. Ng1 Bg4 45. Bf2 g5 46. hxg5 hxg5 47.
fxg5 Bxg5+ 48. Be3 Bf6 49. Bf4 c4 50. bxc4 dxc4 51. Be3 Be5 52. Bf2 Bc7 53. Ne2
Bxe2 54. Kxe2 Kd5 55. Kf3 Be5 56. Be1 Ke6 57. g4 fxg4+ 58. Kxg4 Bc7 1/2-1/2

[Event "SR 3. liga A2 2005/2006"]
[Site "?"]
[Date "2006.??.??"]
[Round "?"]
[White "Csiba, Peter"]
[Black "Fekete, Robert"]
[Result "1/2-1/2"]
[WhiteElo "1705"]
[BlackElo "1870"]
[Annotator " 29.8"]
[PlyCount "107"]
[EventDate "2005.??.??"]

1. Nf3 d5 2. c4 dxc4 3. Nc3 Nf6 4. e4 Nc6 5. Bxc4 e6 6. O-O Bc5 7. d3 h6 8. Bf4
O-O 9. a3 Nd4 10. Rc1 Nxf3+ 11. Qxf3 Bd4 12. e5 Nh7 13. Qg3 Bxc3 14. Rxc3 Kh8
15. Rfc1 Bd7 16. Ba2 c6 17. Rc4 f6 18. d4 Qe7 19. R4c3 Rad8 20. Bb1 f5 21. Rd1
Be8 22. Ba2 g5 23. Bc1 Bg6 24. Qh3 Qg7 25. f4 g4 26. Qd3 Qe7 27. Qc4 Bf7 28.
Bd2 Rg8 29. Be1 h5 30. Rdd3 h4 31. Kf1 Nf8 32. g3 h3 33. Rb3 Qc7 34. Bb4 Nd7
35. Bd6 Qc8 36. Qb4 Nb6 37. Rbc3 Nd5 38. Bxd5 exd5 39. Rb3 Rd7 40. Qa4 a6 41.
Rb6 Be6 42. Qc2 Rgg7 43. Rbb3 Qe8 44. Rbc3 Rd8 45. b4 Bd7 46. a4 Rg8 47. Kf2
Qe6 48. Qa2 Rge8 49. Rc1 Kg8 50. Rdc3 Kf7 51. Bc7 Rc8 52. Bb6 Kg8 53. Rc5 Rf8
54. Ke3 1/2-1/2

[Event "SR 3. liga A2 2005/2006"]
[Site "?"]
[Date "2006.??.??"]
[Round "?"]
[White "Janko, Ladislav"]
[Black "Schmikli, Laszlo"]
[Result "1-0"]
[WhiteElo "2190"]
[BlackElo "2285"]
[Annotator " 30.1"]
[PlyCount "123"]
[EventDate "2005.??.??"]

1. e4 Nc6 2. Nf3 e5 3. Bb5 Bc5 4. O-O Nd4 5. Nxd4 Bxd4 6. d3 Nf6 7. Nd2 c6 8.
Bc4 d6 9. h3 h6 10. Bb3 Bb6 11. Nc4 Bc7 12. Ne3 g5 13. Bd2 Ng8 14. Bc3 Qf6 15.
d4 Ne7 16. dxe5 dxe5 17. Ng4 Bxg4 18. Qxg4 h5 19. Qe2 O-O-O 20. Rad1 Rxd1 21.
Rxd1 Bb6 22. Bb4 c5 23. Qc4 Kb8 24. Bxc5 Rc8 25. Bd6+ Ka8 26. Qxf7 Qxf7 27.
Bxf7 Rf8 28. Bxe7 Rxf7 29. Bc5 Bc7 30. c3 g4 31. hxg4 hxg4 32. Rd5 Rf4 33. Rd7
Kb8 34. Rg7 Kc8 35. Rg8+ Kd7 36. Bxa7 Rxe4 37. Be3 b5 38. a3 Bd6 39. Kf1 Rc4
40. Ke2 Ra4 41. Rg7+ Kc6 42. Ra7 Rc4 43. Ra6+ Kc7 44. Rb6 g3 45. Rxb5 gxf2 46.
Kxf2 Kc6 47. Ra5 Rg4 48. b3 Rg8 49. c4 Rf8+ 50. Kg1 Bc7 51. Ra6+ Kb7 52. Ra7+
Kb8 53. Ra6 Rd8 54. b4 e4 55. Rf6 Rd3 56. Bf4 e3 57. Rf8+ Kb7 58. Rf7 Rd1+ 59.
Kh2 e2 60. Rxc7+ Kb6 61. c5+ Kb5 62. Rb7+ 1-0

[Event "SR 3. liga A2 2005/2006"]
[Site "?"]
[Date "2006.??.??"]
[Round "?"]
[White "Vertetics, Attila"]
[Black "Sulek, Viliam"]
[Result "1-0"]
[WhiteElo "2215"]
[BlackElo "2165"]
[Annotator " 30.2"]
[PlyCount "61"]
[EventDate "2005.??.??"]

1. d4 Nf6 2. c4 g6 3. Nc3 d5 4. Nf3 Bg7 5. Bg5 dxc4 6. e3 Be6 7. Ne5 Nd5 8.
Nxc4 c5 9. Qa4+ Nc6 10. Ne4 cxd4 11. Ned6+ Kf8 12. Nxb7 Qc8 13. Nc5 h6 14. Bh4
dxe3 15. Nxe3 Bxb2 16. Ba6 Bc3+ 17. Kf1 Qc7 18. Rc1 Rb8 19. Bg3 Ne5 20. Nxd5
Bxd5 21. Bxe5 Bxe5 22. Nd7+ Kg7 23. Rxc7 Rb1+ 24. Ke2 Rxh1 25. Nxe5 Bxg2 26.
Rxe7 Rd8 27. Rxf7+ Kg8 28. Bc4 Bf1+ 29. Kf3 Kh8 30. Nxg6+ Kg8 31. Rd7+ 1-0

[Event "SR 3. liga A2 2005/2006"]
[Site "?"]
[Date "2006.??.??"]
[Round "?"]
[White "Puobis, Jozef"]
[Black "Ivan, Imrich ml"]
[Result "1-0"]
[WhiteElo "2040"]
[BlackElo "2010"]
[Annotator " 30.3"]
[PlyCount "83"]
[EventDate "2005.??.??"]

1. e4 e6 2. Nf3 d5 3. Nc3 dxe4 4. Nxe4 Nf6 5. Bb5+ Bd7 6. Qe2 Be7 7. d4 O-O 8.
Bd3 Bc6 9. Nxf6+ Bxf6 10. c3 Qd5 11. O-O Nd7 12. Bf4 Rac8 13. Rfe1 b5 14. Qc2
Qh5 15. Re3 g6 16. Rae1 b4 17. Ba6 Rce8 18. Bxc7 bxc3 19. bxc3 Bxf3 20. Rxf3
Qd5 21. Bg3 Qc6 22. Qd3 Bg7 23. Bb5 Qb7 24. Bd6 Rd8 25. Bxd7 Qxd7 26. Bxf8 Kxf8
27. Qc4 Kg8 28. g3 Rc8 29. Qa6 Rb8 30. Rfe3 h5 31. d5 Qxd5 32. Qxa7 Ra8 33. Qc7
Rxa2 34. Qc8+ Bf8 35. c4 Qd4 36. Rf3 Ra7 37. Rf4 Qd2 38. Rb1 Qd3 39. Re1 Kg7
40. Kg2 Bb4 41. Qb8 Bc5 42. Qe5+ 1-0

[Event "SR 3. liga A2 2005/2006"]
[Site "?"]
[Date "2006.??.??"]
[Round "?"]
[White "Csefalvay, Stefan"]
[Black "Kosar, Mikulas ml"]
[Result "1-0"]
[WhiteElo "1925"]
[BlackElo "1965"]
[Annotator " 30.4"]
[PlyCount "93"]
[EventDate "2005.??.??"]

1. c4 Nf6 2. Nc3 d5 3. cxd5 Nxd5 4. g3 Nxc3 5. bxc3 e5 6. Bg2 Nd7 7. d3 Nb6 8.
Nf3 Bd6 9. O-O O-O 10. h3 c6 11. a4 a5 12. c4 Qc7 13. Nd2 f5 14. Qb3 Be6 15.
Ba3 Bxa3 16. Rxa3 Nd7 17. Qc2 Nc5 18. Nf3 f4 19. g4 Bf7 20. Nd2 Qe7 21. Raa1
Bg6 22. Nb3 Nxb3 23. Qxb3 Kh8 24. Rab1 Rfb8 25. Qc3 Qc5 26. Rb3 Ra7 27. Rfb1 b6
28. Qd2 Rd7 29. Qb2 Rdb7 30. Qd2 h6 31. Qb2 Kh7 32. Qd2 h5 33. Bf3 hxg4 34.
hxg4 Re7 35. Kg2 e4 36. dxe4 Rxe4 37. Rh1+ Kg8 38. Bxe4 Bxe4+ 39. f3 Bg6 40.
Qxf4 Re8 41. Rb2 Qa3 42. Rd2 Qxa4 43. Qg5 Bf7 44. Qh4 Kf8 45. Qh8+ Ke7 46. Qxg7
Qxc4 47. Rh5 1-0

[Event "SR 3. liga A2 2005/2006"]
[Site "?"]
[Date "2006.??.??"]
[Round "?"]
[White "Kubica, Adrian"]
[Black "Vizvari, Ludovit"]
[Result "0-1"]
[WhiteElo "1945"]
[BlackElo "1840"]
[Annotator " 30.5"]
[PlyCount "78"]
[EventDate "2005.??.??"]

1. e4 c5 2. Nf3 e6 3. Nc3 a6 4. d4 cxd4 5. Nxd4 Qc7 6. a3 Nf6 7. Bd3 Be7 8. Be3
d6 9. Qf3 Nc6 10. Nxc6 bxc6 11. Qg3 Nh5 12. Qg4 g6 13. Bh6 d5 14. exd5 cxd5 15.
O-O Bf6 16. Qf3 Bg7 17. Bg5 Qe5 18. Qe3 Qxe3 19. Bxe3 $11 d4 20. g4 dxe3 21.
gxh5 exf2+ 22. Rxf2 Bd4 23. hxg6 hxg6 24. Raf1 f5 25. Ne2 Be3 26. Nf4 Kf7 27.
Kg2 Bxf2 28. Rxf2 Bb7+ 29. Kg1 Kf6 30. Bc4 e5 31. Nd5+ Bxd5 32. Bxd5 Rad8 33.
Bc4 Rd6 34. Kg2 e4 35. Kg3 Ke5 36. Re2 g5 37. b3 f4+ 38. Kg4 Rg6 39. Bd3 Rh4#
0-1

[Event "SR 3. liga A2 2005/2006"]
[Site "?"]
[Date "2006.??.??"]
[Round "?"]
[White "Ivan, Imrich"]
[Black "Bott, Tamas"]
[Result "1-0"]
[WhiteElo "1800"]
[BlackElo "1930"]
[Annotator " 30.6"]
[PlyCount "65"]
[EventDate "2005.??.??"]

1. e4 e5 2. Nf3 Nc6 3. Bb5 Bc5 4. c3 Nge7 5. O-O a6 6. Bc4 d5 7. exd5 Nxd5 8.
Qe2 Nf4 9. Qe1 O-O 10. d4 Bb6 11. dxe5 Nd3 12. Bxd3 Qxd3 13. Bf4 Bg4 14. Nbd2
Qf5 15. Bg3 Rfe8 16. h3 Bh5 17. Qb1 Ne7 $11 18. Qxf5 Nxf5 19. Bh2 Bxf3 20. Nxf3
Re6 21. Rad1 Rg6 $11 22. Rd7 h5 23. Rfd1 Re8 $11 24. Kf1 Rge6 25. Ng5 R6e7 26.
g4 hxg4 27. hxg4 Rxd7 28. Rxd7 Ne7 29. f4 f5 30. exf6 gxf6 31. Ne6 Nd5 32. f5
Ne3+ 33. Ke2 1-0

[Event "SR 3. liga A2 2005/2006"]
[Site "?"]
[Date "2006.??.??"]
[Round "?"]
[White "Kosar, Mikulas"]
[Black "Vegh, Vince"]
[Result "0-1"]
[WhiteElo "2010"]
[BlackElo "1710"]
[Annotator " 30.7"]
[PlyCount "134"]
[EventDate "2005.??.??"]

1. e4 c5 2. Nf3 d6 3. d4 cxd4 4. Nxd4 Nf6 5. Nc3 e6 6. Bb5+ Bd7 7. Bg5 Be7 8.
O-O O-O 9. Rb1 Nc6 10. Nf3 Qc7 11. Re1 a6 12. Bd3 Rad8 13. h3 b5 14. a3 Bc8 15.
b4 Bb7 16. Qd2 Rd7 17. Bf4 Nh5 18. Bh2 g6 19. Ne2 Bf6 20. Ng3 Nxg3 21. Bxg3 Bg7
22. Bf4 Nd4 23. Nxd4 Bxd4 24. Qe2 e5 25. Be3 Bxe3 26. Qxe3 Qc3 27. Qc1 Rc8 28.
Qb2 Qc6 29. Re2 f5 30. f3 f4 31. Rc1 Kf8 32. Kf2 Qb6+ 33. Kf1 Rdc7 34. Ree1 Rc3
35. Re2 Qd4 36. Rd1 Ke7 37. Rdd2 g5 38. Qa2 Qb6 39. Re1 Bc6 40. Red1 Bd7 41.
Qb2 Qd4 42. Re1 Be6 43. Red1 h5 44. Qc1 Bc4 45. Be2 Bxe2+ 46. Rxe2 Qc4 47. Qd2
Rc6 48. Ra1 Rxc2 49. Qxc2 Qxc2 50. Rxc2 Rxc2 51. a4 Rb2 52. axb5 axb5 53. Ra7+
Kf6 54. Rh7 Rxb4 55. Rxh5 Rd4 56. Rh8 b4 57. Rb8 Ke6 58. Ke2 Kd7 59. Rb7+ Kc6
60. Rb8 Kc5 61. Rc8+ Kb5 62. Rb8+ Kc4 63. Rc8+ Kb3 64. Rg8 Kc3 65. Rc8+ Rc4 66.
Ra8 b3 67. Kd1 b2 0-1

[Event "SR 3. liga A2 2005/2006"]
[Site "?"]
[Date "2006.??.??"]
[Round "?"]
[White "Bisco, Igor"]
[Black "Jurica, Peter"]
[Result "1/2-1/2"]
[WhiteElo "2110"]
[BlackElo "2150"]
[Annotator " 31.1"]
[PlyCount "38"]
[EventDate "2005.??.??"]

1. e4 Nf6 2. e5 Nd5 3. d4 d6 4. exd6 exd6 5. Nf3 Be7 6. Bc4 Nb6 7. Bd3 O-O 8.
O-O Bg4 9. a4 a5 10. c3 Bh5 11. Na3 N8d7 12. Bf4 Re8 13. Re1 Nf8 14. Nc4 Nxc4
15. Bxc4 d5 16. Bd3 c6 17. Re5 Bg6 18. Re3 Ne6 19. Bg3 Bf6 $11 1/2-1/2

[Event "SR 3. liga A2 2005/2006"]
[Site "?"]
[Date "2006.??.??"]
[Round "?"]
[White "Blazek, Milos"]
[Black "Lahucky, Pavol"]
[Result "1-0"]
[WhiteElo "2115"]
[BlackElo "2105"]
[Annotator " 31.2"]
[PlyCount "57"]
[EventDate "2005.??.??"]

1. e4 e5 2. Nf3 Nc6 3. d4 exd4 4. Bc4 d6 5. Nxd4 Nxd4 6. Qxd4 Nf6 7. Nc3 Be7 8.
Be3 O-O 9. h3 a6 10. a4 Be6 11. O-O Qc8 12. Kh2 h6 13. f4 Rd8 14. Rad1 c6 15.
Bxe6 fxe6 16. Qd3 b5 17. a5 c5 18. f5 e5 19. g4 Qb7 20. g5 c4 21. Qe2 Nxe4 22.
Qg2 d5 23. Nxe4 dxe4 24. f6 Rxd1 25. Rxd1 Bb4 26. gxh6 Bxa5 27. Qg6 Ra7 28.
Bxa7 Qxa7 29. f7+ 1-0

[Event "SR 3. liga A2 2005/2006"]
[Site "?"]
[Date "2006.??.??"]
[Round "?"]
[White "Gajarsky, Roman"]
[Black "Blatnicky, Miroslav"]
[Result "0-1"]
[WhiteElo "2050"]
[BlackElo "2110"]
[Annotator " 31.3"]
[PlyCount "58"]
[EventDate "2005.??.??"]

1. e4 e6 2. d4 d5 3. Nd2 Nf6 4. e5 Nfd7 5. c4 dxc4 6. Nxc4 Nb6 7. Nf3 Be7 8.
Be2 Bd7 9. O-O O-O 10. Be3 Bc6 11. Qc2 Nxc4 12. Qxc4 Nd7 13. b4 Nb6 14. Qb3 Qd7
15. Rfc1 Rfd8 16. b5 Bd5 17. Qd3 c6 18. a4 Rac8 19. a5 Na8 20. Rab1 cxb5 21.
Qxb5 Bc6 22. Qd3 Nc7 23. Ng5 g6 24. Ne4 Qd5 25. Bf3 Qxa5 26. Nf6+ Bxf6 27. Bxc6
bxc6 28. exf6 Ne8 29. Rc5 Qxc5 0-1

[Event "SR 3. liga A2 2005/2006"]
[Site "?"]
[Date "2006.??.??"]
[Round "?"]
[White "Smrek, Peter"]
[Black "Peska, Juraj"]
[Result "1-0"]
[WhiteElo "1965"]
[BlackElo "2020"]
[Annotator " 31.4"]
[PlyCount "80"]
[EventDate "2005.??.??"]

1. e4 c5 2. Nf3 Nc6 3. d4 cxd4 4. Nxd4 e5 5. Nf3 Nf6 6. Bg5 Be7 7. Nc3 a6 8. a3
d6 9. Bc4 O-O 10. Qd2 b5 11. Bb3 Qc7 12. Bxf6 Bxf6 13. Nd5 Qa5 14. Nxf6+ gxf6
15. c3 Qc7 16. g4 Be6 17. Bc2 Kh8 18. Qh6 Qe7 19. Rg1 Rg8 20. Qh4 Rg6 21. Nd2
Rc8 22. f3 Qf8 23. O-O-O Qh6 24. Qf2 Rb8 25. Kb1 Rgg8 26. Nf1 Rgd8 27. Ne3 Na5
28. h4 Nc4 29. g5 fxg5 30. hxg5 Qg6 31. Nf5 Bxf5 32. exf5 Qg7 33. f6 Qg8 34.
Bxh7 Qxh7+ 35. Ka2 Kg8 36. Rh1 Qg6 37. Qh4 Kf8 38. Qh8+ Qg8 39. Qxg8+ Kxg8 40.
Rh6 b4 {cierny na cas} 1-0

[Event "SR 3. liga A2 2005/2006"]
[Site "?"]
[Date "2006.??.??"]
[Round "?"]
[White "Hertel, Ondrej"]
[Black "Mikudik, Ivan"]
[Result "1/2-1/2"]
[WhiteElo "1960"]
[BlackElo "1875"]
[Annotator " 31.5"]
[PlyCount "62"]
[EventDate "2005.??.??"]

1. d4 Nf6 2. Nf3 e6 3. c4 d5 4. Bg5 Be7 5. e3 O-O 6. Nc3 Nbd7 7. Rc1 c6 8. Bd3
b6 9. cxd5 exd5 10. O-O Bb7 11. Qe2 Re8 12. Qc2 h6 13. Bf4 Nh5 14. Be5 Nf8 15.
Rfe1 Ne6 16. Bf5 Bd6 17. Rcd1 Nf6 18. e4 dxe4 19. Nxe4 Nxe4 20. Bxe4 Rc8 21.
Qa4 a6 22. h3 Qc7 23. Bxd6 Qxd6 24. Qb3 b5 25. d5 cxd5 26. Bxd5 Bxd5 27. Rxd5
Qc7 28. Qa3 Nf4 29. Rxe8+ Rxe8 30. Qc5 Qxc5 31. Rxc5 Nd3 $11 1/2-1/2

[Event "SR 3. liga A2 2005/2006"]
[Site "?"]
[Date "2006.??.??"]
[Round "?"]
[White "Lanyi, Frantisek"]
[Black "Kollarik, Gorazd"]
[Result "0-1"]
[WhiteElo "1625"]
[BlackElo "1980"]
[Annotator " 31.6"]
[PlyCount "80"]
[EventDate "2005.??.??"]

1. e4 d5 2. exd5 Qxd5 3. Nc3 Qa5 4. d4 Nf6 5. Bd3 c6 6. Nge2 Bf5 7. O-O Bxd3 8.
Qxd3 e6 9. Ne4 Nbd7 10. N2g3 Be7 11. Bd2 Qc7 12. Bg5 h6 13. Bxf6 Nxf6 14. Nxf6+
Bxf6 15. Ne4 Be7 16. Qg3 Qxg3 17. Nxg3 O-O 18. Rad1 Rfd8 19. c3 Rd7 20. Ne4
Rad8 21. Rd3 e5 22. Rfd1 Rd5 23. b4 b6 24. f3 exd4 25. Rxd4 Rxd4 26. Rxd4 Rxd4
27. cxd4 Bxb4 28. Kf2 Kf8 29. Ke3 Ke7 30. a4 Ke6 31. Ng3 g6 32. Ne2 Bd6 33. Kf2
Kd5 34. h4 Kc4 35. Ke3 a5 36. g4 b5 37. axb5 cxb5 38. Ke4 a4 39. f4 a3 40. Nc1
b4 0-1

[Event "SR 3. liga A2 2005/2006"]
[Site "?"]
[Date "2006.??.??"]
[Round "?"]
[White "Synak, Jan"]
[Black "Lajda, Dusan"]
[Result "1-0"]
[WhiteElo "1775"]
[BlackElo "1715"]
[Annotator " 31.7"]
[PlyCount "67"]
[EventDate "2005.??.??"]

1. c4 e5 2. Nc3 Nc6 3. g3 Nf6 4. Bg2 g6 5. Nf3 Bg7 6. O-O O-O 7. d4 exd4 8.
Nxd4 Nxd4 9. Qxd4 c6 10. Qd6 Ne8 11. Qd3 Nc7 12. e4 Ne6 13. Be3 Qe7 14. Rad1 b6
15. f4 Rd8 16. e5 Nc5 17. Qd2 Bb7 18. b4 Ne6 19. Ne4 Rab8 20. Nd6 Ba8 21. c5 b5
22. Rde1 f6 23. exf6 Qxf6 24. f5 gxf5 25. Rxf5 Qc3 26. Be4 Bd4 27. Qe2 Qxb4 28.
Rb1 Qc3 29. Qg4+ Ng7 30. Bxd4 Qxd4+ 31. Kg2 Qd2+ 32. Kh1 Rf8 33. Rg5 Qd4 34.
Qh5 1-0

[Event "SR 3. liga A2 2005/2006"]
[Site "?"]
[Date "2006.??.??"]
[Round "?"]
[White "Podjavorinsky, Peter"]
[Black "Barca, Michal"]
[Result "1-0"]
[WhiteElo "1700"]
[BlackElo "1845"]
[Annotator " 31.8"]
[PlyCount "141"]
[EventDate "2005.??.??"]

1. e4 c5 2. Nf3 Nc6 3. d4 cxd4 4. Nxd4 d6 5. Bc4 e6 6. Nc3 Be7 7. Be3 a6 8. a3
Nf6 9. O-O O-O 10. Kh1 Qc7 11. Ba2 b5 12. Nxc6 Qxc6 13. f3 Bb7 14. Bg5 h6 15.
Bf4 a5 16. Ne2 Rfd8 17. Nd4 Qd7 18. Be3 d5 19. e5 Nh7 20. c3 Ba6 21. Rg1 f6 22.
f4 fxe5 23. fxe5 b4 24. Qg4 Bg5 25. Bxg5 Nxg5 26. h4 Ne4 27. Qxe6+ Qxe6 28.
Nxe6 Rd7 29. cxb4 axb4 30. axb4 Nf2+ 31. Kh2 Ng4+ 32. Kg3 Nxe5 33. Nc5 Rd6 34.
Nxa6 Raxa6 35. Bxd5+ Kh8 36. Rxa6 Rxa6 37. Rc1 Rb6 38. Be4 g6 39. Rc8+ Kg7 40.
Rc7+ Kf6 41. Rb7 Re6 42. b5 Rd6 43. Rb8 Nd7 44. Rc8 Ne5 45. Ra8 Ke7 46. Ra6 Rd2
47. Kf4 Nf7 48. Rxg6 Rxb2 49. b6 Nd6 50. b7 Rb4 51. Rg8 Ne8 52. Rh8 Rb6 53.
Rh7+ Kd8 54. g4 Nc7 55. Rxh6 Rb4 56. Rh8+ Ne8 57. Ke5 Rb5+ 58. Ke6 Rb6+ 59. Kf7
Rf6+ 60. Kg8 Kc7 61. g5 Rf4 62. Rh7+ Kb8 63. Bc6 Nc7 64. Rf7 Rb4 65. Rf8+ Ka7
66. b8=Q+ Rxb8 67. Rxb8 Kxb8 68. g6 Ne6 69. Kf7 Nd8+ 70. Kf6 Nxc6 71. g7 1-0

[Event "SR 3. liga A2 2005/2006"]
[Site "?"]
[Date "2006.??.??"]
[Round "?"]
[White "Kovacocy, Pavel"]
[Black "Manak, Jozef"]
[Result "1-0"]
[WhiteElo "2260"]
[BlackElo "2090"]
[Annotator " 32.1"]
[PlyCount "151"]
[EventDate "2005.??.??"]

1. e4 e6 2. d4 d5 3. Nc3 dxe4 4. Nxe4 Nd7 5. Nf3 Ngf6 6. Bd3 c5 7. Nxc5 Nxc5 8.
dxc5 Bxc5 9. O-O O-O 10. Bg5 Be7 11. Qe2 Nd5 12. Bxe7 Qxe7 13. Rfd1 Qf6 14. Qe4
g6 15. Ne5 Qf4 16. Qxf4 Nxf4 17. Be4 f6 18. Nc4 Rb8 19. Rd6 b6 20. Rad1 e5 21.
g3 Nh3+ 22. Kg2 Ng5 23. Bd5+ Kg7 24. h4 Nf7 25. Rc6 Ba6 26. Rc7 Rbc8 27. Rxc8
Bxc8 28. Bc6 Ba6 29. Ne3 Rd8 30. Bd5 Nd6 31. b3 Bb7 32. c4 Bxd5+ 33. Nxd5 Nf5
34. Rc1 Rd7 35. Kf1 Kf7 36. Ke1 Ne7 37. Nxe7 Kxe7 38. Ke2 Ke6 39. Ke3 f5 40.
Rc2 h6 41. Ke2 Rd8 42. Rc3 Rd7 43. c5 bxc5 44. Rxc5 g5 45. Ra5 Rh7 46. Ra6+ Kd5
47. hxg5 hxg5 48. Rg6 g4 49. Ra6 Rc7 50. Kd3 Rf7 51. Ra5+ Kd6 52. b4 Ke6 53.
Ra6+ Kd5 54. a4 Rb7 55. Ra5+ Kd6 56. Kc4 Rc7+ 57. Kb3 Rf7 58. Kc4 Rc7+ 59. Kd3
Rb7 60. Ra6+ Rb6 61. Rxb6+ axb6 62. a5 b5 63. Ke3 Kc6 64. f3 gxf3 65. Kxf3 Kd5
66. Ke3 Kc6 67. Kf2 Kd5 68. Kf3 Kc6 69. g4 fxg4+ 70. Kxg4 Kd6 71. Kf3 Kd5 72.
Ke2 Kc6 73. Kd3 Kd5 74. Ke3 Kd6 75. Ke4 Ke6 76. a6 1-0